[Event "7th Sunway Sitges 2020"]
[Site "Sitges ESP"]
[Date "2020.12.20"]
[Round "7.43"]
[White "Rodriguez Redondo, Adhara"]
[Black "Rut, Vojtech"]
[Result "1-0"]
[WhiteTitle "WFM"]
[WhiteElo "2183"]
[BlackElo "2057"]
[WhiteFideId "32065698"]
[BlackFideId "333190"]
[EventDate "2020.12.13"]

1. e4 c6 2. d4 d5 3. exd5 cxd5 4. Bd3 Nc6 5. c3 Nf6 6. h3 g6 7. Nf3 Bg7 8. Bf4
O-O 9. O-O Bf5 10. Re1 Bxd3 11. Qxd3 Ne4 12. Nbd2 Nxd2 13. Qxd2 b5 14. Ne5 Nxe5
15. dxe5 e6 16. Bg5 f6 17. exf6 Bxf6 18. Bxf6 Qxf6 19. Qe2 Rae8 20. Rad1 a5 21.
Rd3 Qh4 22. Re3 e5 23. Qxb5 Qxf2+ 24. Kh1 Qf7 25. Rxe5 Rb8 26. Qe2 Qf2 27. b3 a4
28. Qd1 axb3 29. axb3 d4 30. cxd4 Qb2 31. R5e3 Rf2 32. Qg4 Rd8 33. d5 Rd2 34.
Qe6+ Kh8 35. Qf7 1-0

[Event "7th Sunway Sitges 2020"]
[Site "Sitges ESP"]
[Date "2020.12.20"]
[Round "7.44"]
[White "Alcala Gonzalez, Cesar"]
[Black "Odnorozhenko, Evgenyi"]
[Result "1/2-1/2"]
[BlackTitle "IM"]
[WhiteElo "2088"]
[BlackElo "2170"]
[WhiteFideId "24584878"]
[BlackFideId "14116588"]
[EventDate "2020.12.13"]

1. d4 d5 2. c4 e6 3. Nc3 Bb4 4. Nf3 Nf6 5. g3 O-O 6. Bg2 dxc4 7. a3 Be7 8. O-O
Nc6 9. e4 Na5 10. Be3 c5 11. dxc5 Nd7 12. Qe2 Bxc5 13. Bf4 Qe7 14. e5 h6 15.
Rad1 Nb6 16. Nd2 Nd5 17. Bxd5 exd5 18. Nxd5 Qe6 19. Ne4 Bb6 20. Ndf6+ Kh8 21.
Rd6 Qf5 22. Bxh6 gxh6 23. Nh5 Be6 24. g4 Qg6 25. Nef6 Nc6 26. h4 Nd4 27. Qd2
Rfd8 28. Nf4 Qg7 29. N4h5 Qg6 30. Nf4 1/2-1/2

[Event "7th Sunway Sitges 2020"]
[Site "Sitges ESP"]
[Date "2020.12.20"]
[Round "7.45"]
[White "Eizaguerri Floris, Maria"]
[Black "Cano Sevilla, Ivan"]
[Result "1-0"]
[WhiteTitle "WFM"]
[WhiteElo "2167"]
[BlackElo "2052"]
[WhiteFideId "32065752"]
[BlackFideId "32043546"]
[EventDate "2020.12.13"]

1. e4 c5 2. c3 g6 3. d4 cxd4 4. cxd4 d5 5. e5 Nc6 6. Nc3 Bg7 7. h3 Nh6 8. g4 O-O
9. Bg2 e6 10. Nf3 Kh8 11. Be3 Na5 12. b3 Bd7 13. Qd2 Ng8 14. h4 h6 15. h5 g5 16.
Nxg5 hxg5 17. h6 Bxe5 18. dxe5 d4 19. Bxd4 Bc6 20. Ne4 Bxe4 21. Bxe4 Nc6 22.
Bxc6 bxc6 23. O-O-O c5 24. Bxc5 Qxd2+ 25. Rxd2 Rfc8 26. Rc2 Kh7 27. Be3 f6 28.
exf6 Nxf6 29. f3 Rxc2+ 30. Kxc2 Rg8 31. Bxa7 Nd5 32. Bd4 Rf8 33. Rh3 Nf4 34. Rh2
Nd5 35. Rf2 Kxh6 36. a3 Kg6 37. b4 e5 38. Bc5 Rf4 39. Kd3 Rf7 40. Ke4 Nf4 41.
Rd2 Nh3 42. Rd3 Kf6 43. a4 Nf4 44. Rd6+ Kg7 45. Kxe5 Ng6+ 46. Ke4 Rf4+ 47. Ke3
Ne5 48. Bd4 1-0

[Event "7th Sunway Sitges 2020"]
[Site "Sitges ESP"]
[Date "2020.12.20"]
[Round "7.46"]
[White "Mitran, Anthony Cristian"]
[Black "Rodriguez Diaz, Javier"]
[Result "1/2-1/2"]
[WhiteElo "2157"]
[BlackElo "2049"]
[WhiteFideId "240052"]
[BlackFideId "32044186"]
[EventDate "2020.12.13"]

1. c4 Nf6 2. g3 e6 3. Bg2 d5 4. Nf3 Be7 5. O-O O-O 6. b3 c5 7. Bb2 Nc6 8. e3 d4
9. exd4 cxd4 10. d3 Re8 11. Na3 e5 12. Nc2 a5 13. Re1 Bd6 14. a3 Qc7 15. Qd2 h6
16. b4 axb4 17. axb4 Rxa1 18. Bxa1 b6 19. Bb2 Bb7 20. Ba3 Nb8 21. Nh4 Bxg2 22.
Kxg2 Nbd7 23. Nf5 Bf8 24. f4 Rd8 25. Kg1 e4 26. Ncxd4 exd3 27. Qxd3 Nb8 28. Qc3
Qd7 29. Bb2 Na6 30. Ra1 Bxb4 31. Qf3 Bc5 32. Kh1 Nb4 33. g4 Rc8 34. Rg1 Nc6 35.
Nxc6 Qxc6 36. Qxc6 Rxc6 37. g5 Ne4 38. Re1 Nf2+ 39. Kg2 Nd3 40. Re8+ Kh7 41.
Bxg7 hxg5 42. Rh8+ Kg6 43. Rh6+ Kxf5 44. Rxc6 Nxf4+ 45. Kf1 Ne6 46. Bb2 Ke4 47.
Ke2 g4 48. Rc8 Nf4+ 49. Kf1 Nd3 50. Bf6 Kf5 51. Bc3 Ne5 52. Bxe5 Kxe5 53. Rd8 f5
54. Kg2 Ke4 55. Kg3 Bd4 56. Re8+ Be5+ 57. Kg2 f4 58. Rg8 f3+ 59. Kf1 Kf5 60.
Rf8+ Kg5 61. Rg8+ Kh4 62. Kf2 Bd4+ 63. Kf1 Be3 64. Re8 Bc5 65. Rg8 Kh3 66. Ke1
Kh4 67. Kf1 Be3 68. Rg7 Bd4 69. Rg8 Kh3 70. Rg6 Kh4 71. Rg8 Be5 72. Kf2 Bd4+ 73.
Kf1 Be5 74. Kf2 Bd4+ 1/2-1/2

[Event "7th Sunway Sitges 2020"]
[Site "Sitges ESP"]
[Date "2020.12.20"]
[Round "7.47"]
[White "Perez Bolanos, Joel"]
[Black "Hapala, Elisabeth"]
[Result "1/2-1/2"]
[BlackTitle "WFM"]
[WhiteElo "2058"]
[BlackElo "2154"]
[WhiteFideId "24564419"]
[BlackFideId "1622080"]
[EventDate "2020.12.13"]

1. e4 c5 2. Nf3 e6 3. b3 a6 4. Bb2 Nc6 5. c4 Qc7 6. g3 Nf6 7. e5 Ng4 8. Qe2 Nh6
9. Na3 Nf5 10. Nc2 Be7 11. Bg2 O-O 12. O-O b6 13. d4 cxd4 14. Nfxd4 Nfxd4 15.
Nxd4 Bb7 16. Rad1 Rad8 17. Nxc6 dxc6 18. Qe4 Ba8 19. Qg4 c5 20. Bxa8 Rxa8 21. h4
Rad8 22. Bc3 Rxd1 23. Rxd1 Rd8 24. Qf3 h6 25. Rxd8+ Qxd8 26. Qb7 a5 27. Kg2 Bf8
28. Qf3 Qd7 29. a4 g6 30. Kf1 Bg7 31. Ke2 Qc7 32. Qa8+ Kh7 33. Qe4 Kg8 34. Qa8+
Kh7 35. Qe4 Kg8 36. Qa8+ Kh7 37. Qe4 1/2-1/2

[Event "7th Sunway Sitges 2020"]
[Site "Sitges ESP"]
[Date "2020.12.20"]
[Round "7.48"]
[White "Le Pen, Steven"]
[Black "Prats Rodriguez, Juan Bosco"]
[Result "1-0"]
[WhiteElo "2141"]
[BlackElo "2039"]
[WhiteFideId "612197"]
[BlackFideId "2221411"]
[EventDate "2020.12.13"]

1. e4 d6 2. d4 Nf6 3. Nc3 g6 4. f4 Bg7 5. Nf3 O-O 6. Bd3 Nc6 7. O-O e5 8. fxe5
dxe5 9. d5 Ne7 10. Qe1 c6 11. dxc6 Nxc6 12. Be3 Qa5 13. a3 a6 14. b4 Qc7 15. Na4
Nd7 16. Qf2 Rb8 17. Nb6 Nxb6 18. Bxb6 Qd7 19. Bc5 Ne7 20. Bc4 b5 21. Rad1 Qe8
22. Bb3 h6 23. Bd6 Rb6 1-0

[Event "7th Sunway Sitges 2020"]
[Site "Sitges ESP"]
[Date "2020.12.20"]
[Round "7.49"]
[White "Fernandez Alonso, Miguel Angel"]
[Black "Roque, Gaetan"]
[Result "0-1"]
[WhiteElo "2045"]
[BlackElo "2132"]
[WhiteFideId "2253852"]
[BlackFideId "20666934"]
[EventDate "2020.12.13"]

1. d4 d5 2. Bf4 Nf6 3. e3 c5 4. c3 Nc6 5. Bd3 Qb6 6. Qb3 c4 7. Qxb6 axb6 8. Be2
b5 9. Nf3 Bf5 10. Nbd2 h6 11. Ne5 e6 12. O-O b4 13. f3 Nxe5 14. Bxe5 b5 15. Bxf6
gxf6 16. e4 Bg6 17. Rfe1 Kd7 18. Nf1 bxc3 19. bxc3 Ra3 20. exd5 exd5 21. Ng3 Bd6
22. f4 Bxf4 23. Bg4+ Kd6 24. Nf5+ Bxf5 25. Bxf5 Rxc3 26. Rab1 Be3+ 27. Kf1 Ra8
28. Rxe3 Rxe3 29. Kf2 Rc3 0-1

[Event "7th Sunway Sitges 2020"]
[Site "Sitges ESP"]
[Date "2020.12.21"]
[Round "8.1"]
[White "Korobov, Anton"]
[Black "Checa, Nicolas"]
[Result "1/2-1/2"]
[WhiteTitle "GM"]
[BlackTitle "GM"]
[WhiteElo "2693"]
[BlackElo "2527"]
[WhiteFideId "14105730"]
[BlackFideId "2069342"]
[EventDate "2020.12.13"]

1. d4 d5 2. c4 c6 3. Nf3 Nf6 4. Nc3 a6 5. Qc2 dxc4 6. a4 Bg4 7. e3 Bxf3 8. gxf3
e6 9. Bxc4 c5 10. O-O cxd4 11. exd4 Nc6 12. d5 exd5 13. Rd1 Nb4 14. Qb3 Bc5 15.
Nxd5 Nfxd5 16. Bxd5 Qe7 17. Bf4 Nxd5 18. Rxd5 O-O 19. a5 h6 20. Kg2 Rad8 21. Rc1
Bd6 22. Be3 Bb8 23. Rcd1 Rxd5 24. Rxd5 Qc7 25. f4 Qc6 26. Kf1 Bc7 27. Qd3 Re8
28. Kg1 Re6 29. h3 Rd6 30. Rxd6 Qxd6 31. Qf5 Qe6 32. Qc5 Qc6 33. Qf5 Qg6+ 34.
Qxg6 fxg6 35. Bd2 Kf7 36. Kg2 Ke6 37. Kf3 Kf5 38. Bc3 h5 39. Bd2 Bd6 40. Be3 Bb4
41. Bb6 Bd2 42. Bc7 Bc1 43. Be5 g5 44. Bxg7 Bxf4 45. Bd4 Bd6 46. Bb6 Be5 47. b3
Bc3 48. Bd8 Bd4 49. Bc7 Bc5 50. Kg3 Bd4 51. Kf3 Be5 52. Bb6 Bf4 53. Bd8 g4+ 54.
hxg4+ hxg4+ 55. Ke2 Ke4 56. Bb6 Bg5 57. Bc5 Bd8 58. Bb4 Kd4 59. Be1 Be7 60. Bd2
Ba3 61. Be1 Bb2 62. Bd2 Bc3 63. Be3+ Ke4 64. Bb6 Bb4 65. Bd8 Kd4 66. Bf6+ Kd5
67. Bd8 Bc3 68. f3 gxf3+ 69. Kxf3 Kc5 70. Be7+ Kd4 71. Ke2 Bxa5 72. Bf6+ Ke4 73.
Kd1 Kd3 74. Kc1 Bc3 75. Be7 Bd4 76. Bb4 b6 77. Kb1 a5 78. Be7 Kc3 79. Ka2 Be3
80. Bd8 Bc5 81. Bc7 Kb4 82. Bd8 Bd4 83. Bc7 Kb5 84. Bd8 Bc3 85. Be7 Kc6 86. Kb1 1/2-1/2

[Event "7th Sunway Sitges 2020"]
[Site "Sitges ESP"]
[Date "2020.12.21"]
[Round "8.2"]
[White "Cheparinov, Ivan"]
[Black "Niemann, Hans Moke"]
[Result "1-0"]
[WhiteTitle "GM"]
[BlackTitle "IM"]
[WhiteElo "2660"]
[BlackElo "2478"]
[WhiteFideId "2905540"]
[BlackFideId "2093596"]
[EventDate "2020.12.13"]

1. d4 d5 2. c4 e6 3. Nf3 a6 4. cxd5 exd5 5. Nc3 Nf6 6. Bg5 Be6 7. e3 Nbd7 8. h3
Bd6 9. Bd3 c6 10. Bf4 Qb8 11. Bxd6 Qxd6 12. O-O O-O 13. Rc1 a5 14. Qc2 g6 15.
Rfe1 Rfe8 16. a3 Nb6 17. Ne5 Nfd7 18. f4 f6 19. Nf3 Bf7 20. f5 Kg7 21. Qf2 Re7
22. Ne2 g5 23. Ng3 Rae8 24. Rcd1 h6 25. h4 g4 26. Nh2 h5 27. Nhf1 c5 28. Ne2
cxd4 29. Nxd4 Nc5 30. Ng3 Nxd3 31. Rxd3 Re5 32. Nde2 Nc4 33. Nf4 Qc5 34. b3 Nxe3
35. Ne6+ Bxe6 36. Nxh5+ Kf7 37. Rexe3 Rxf5 38. Nf4 Qc1+ 39. Kh2 Rg8 40. Qg3 Rxf4
41. Rc3 Qf1 42. Rc7+ Kg6 43. Rxe6 Rd4 44. Rxb7 Qf5 45. Rbb6 Rf8 46. Re5 Qf4 47.
Qxf4 Rxf4 48. Rxd5 a4 49. Kg3 Re4 50. Rg5+ Kh6 51. Rxg4 Re3+ 52. Kf2 Rxb3 53.
Rxb3 axb3 54. Rb4 Kh5 55. Kg3 Ra8 56. Rxb3 Ra4 57. Rf3 Kg6 58. Kh3 f5 59. g3 Ra5
60. Kg2 Ra4 61. Rb3 Kh6 62. Rf3 Kg6 63. Kf2 Ra5 64. Ke2 Kh5 65. a4 Kg4 66. Ra3
f4 67. gxf4 Kxf4 68. Kd3 Ke5 69. Kc4 Kd6 70. Rd3+ Kc6 71. Kb4 Rh5 72. Rd4 Kb6
73. Kc4 Kc6 74. Kd3 Kc5 75. Rc4+ Kd6 76. Rd4+ Kc5 77. Ke3 Rh8 78. a5 Kb5 79. Kf3
Kxa5 80. Kg4 Kb6 81. h5 Kc5 82. Rd7 Kc6 83. Rg7 Kd6 84. Kg5 Re8 85. h6 Re5+ 86.
Kg6 Re6+ 87. Kh5 Re1 88. h7 Rh1+ 89. Kg6 Ke6 90. Ra7 Rg1+ 91. Kh6 Rh1+ 92. Kg7
Rg1+ 93. Kf8 Kd5 1-0

[Event "7th Sunway Sitges 2020"]
[Site "Sitges ESP"]
[Date "2020.12.21"]
[Round "8.3"]
[White "Moussard, Jules"]
[Black "Nevednichy, Vladislav"]
[Result "1-0"]
[WhiteTitle "GM"]
[BlackTitle "GM"]
[WhiteElo "2626"]
[BlackElo "2546"]
[WhiteFideId "642908"]
[BlackFideId "1205730"]
[EventDate "2020.12.13"]

1. e4 c5 2. Nf3 e6 3. d4 cxd4 4. Nxd4 a6 5. Bd3 Bc5 6. Nb3 Ba7 7. Qe2 Nc6 8. Be3
d6 9. O-O Nf6 10. c4 Bxe3 11. Qxe3 e5 12. Nc3 O-O 13. Rfd1 Be6 14. Be2 Qb8 15.
Rd2 Rd8 16. Rad1 h6 17. h3 b6 18. Kh2 Ra7 19. g3 Kf8 20. f4 exf4 21. gxf4 Re7
22. Qg3 b5 23. Rg1 g6 24. Qh4 Ng8 25. Nd5 Bxd5 26. cxd5 Na7 27. Bf3 Rde8 28. Nd4
Qd8 29. Rdg2 Rd7 30. Qxd8 Rdxd8 31. Ne6+ Ke7 32. Nxd8 Kxd8 33. Rc1 h5 34. Rgc2
Re7 35. e5 Nh6 36. exd6 Rd7 37. Rc7 Rxc7 38. dxc7+ Kc8 39. d6 Nf5 40. Bb7+ 1-0

[Event "7th Sunway Sitges 2020"]
[Site "Sitges ESP"]
[Date "2020.12.21"]
[Round "8.4"]
[White "Fier, Alexandr"]
[Black "Santos Latasa, Jaime"]
[Result "1/2-1/2"]
[WhiteTitle "GM"]
[BlackTitle "GM"]
[WhiteElo "2549"]
[BlackElo "2588"]
[WhiteFideId "2107139"]
[BlackFideId "2293307"]
[EventDate "2020.12.13"]

1. e4 e5 2. Nf3 Nc6 3. Bb5 a6 4. Ba4 Nf6 5. O-O Nxe4 6. d4 b5 7. Bb3 d5 8. dxe5
Be6 9. Nbd2 Nc5 10. c3 d4 11. Bxe6 Nxe6 12. cxd4 Ncxd4 13. a4 Bb4 14. axb5 Nxb5
15. Nc4 O-O 16. Be3 a5 17. Qc2 Qd5 18. Rfc1 h6 19. Qf5 Rfd8 20. Qg4 Kh8 21. h3
Qd3 22. Kh1 Kh7 23. Kh2 Qg6 24. Qxg6+ Kxg6 25. Rd1 Rxd1 26. Rxd1 a4 27. Rd7 Rd8
28. Nh4+ Kh7 29. Rxf7 Nbd4 30. Nf5 Nc2 31. Nxg7 Nxg7 32. Rxc7 Re8 33. f4 Re7 34.
Rc8 Re8 35. Rxe8 Nxe8 36. Bf2 Nc7 37. Nb6 Ne6 38. f5 1/2-1/2

[Event "7th Sunway Sitges 2020"]
[Site "Sitges ESP"]
[Date "2020.12.21"]
[Round "8.5"]
[White "Narciso Dublan, Marc"]
[Black "Lagarde, Maxime"]
[Result "1/2-1/2"]
[WhiteTitle "GM"]
[BlackTitle "GM"]
[WhiteElo "2495"]
[BlackElo "2651"]
[WhiteFideId "2201500"]
[BlackFideId "662399"]
[EventDate "2020.12.13"]

1. d4 Nf6 2. c4 g6 3. Nc3 Bg7 4. e4 d6 5. Be2 O-O 6. Nf3 e5 7. d5 a5 8. Bg5 h6
9. Bh4 Na6 10. Nd2 Qe8 11. O-O Nh7 12. a3 Bd7 13. Kh1 h5 14. f3 Bh6 15. b3 Be3
16. Ra2 f5 17. exf5 gxf5 18. Qb1 c5 19. dxc6 bxc6 20. b4 Be6 21. Nb3 d5 22. Nxa5
d4 23. Nd1 Bh6 24. Bd3 Nc5 25. bxc5 Rxa5 26. Re1 Bg7 27. Nf2 Qf7 28. Rb2 Rxa3
29. Rb7 Qg6 30. Be7 Rf7 31. Rb8+ Nf8 32. Bd6 Rfa7 33. g3 Ra2 34. Kg2 h4 35. Re2
Rxe2 36. Bxe2 hxg3 37. hxg3 Rf7 38. Nd3 f4 39. Qe1 Qg5 40. Bf1 Bxc4 41. Nxe5
Bxf1+ 42. Kxf1 Bxe5 43. Qxe5 Qxe5 44. Bxe5 fxg3 45. Bxd4 Rxf3+ 46. Kg2 Rd3 47.
Be5 Kf7 48. Bxg3 Ne6 49. Rc8 Rd2+ 50. Kf1 Nxc5 1/2-1/2

[Event "7th Sunway Sitges 2020"]
[Site "Sitges ESP"]
[Date "2020.12.21"]
[Round "8.6"]
[White "Lever, Erwan"]
[Black "Santos Ruiz, Miguel"]
[Result "1/2-1/2"]
[BlackTitle "GM"]
[WhiteElo "2200"]
[BlackElo "2581"]
[WhiteFideId "20640099"]
[BlackFideId "22291482"]
[EventDate "2020.12.13"]

1. d4 Nf6 2. c4 e6 3. g3 c5 4. d5 exd5 5. cxd5 g6 6. Nc3 d6 7. Bg2 Bg7 8. Nf3
O-O 9. O-O Re8 10. Bf4 Bf5 11. Nd2 Nh5 12. Be3 Rxe3 13. fxe3 Nd7 14. e4 Bg4 15.
h3 Bd4+ 16. Kh2 Ne5 17. Nf3 Bxf3 18. exf3 Nc4 19. Qc1 Ne3 20. Re1 Qg5 21. Ne2
Be5 22. Kg1 Nxg3 23. Nxg3 Bf4 24. h4 Qh6 25. Qd2 Nf1 26. Qxf4 Qxf4 27. Nxf1 Qxh4
28. Ne3 Re8 29. Nc4 Qf4 30. a4 h5 31. Kf2 h4 32. Ke2 f5 33. Rg1 Qh2 34. Kd3 h3
35. Bh1 Kf7 36. f4 Qxf4 37. Raf1 Qh2 38. Bf3 Kf6 39. Bh5 Rxe4 40. Rxg6+ Ke7 41.
Rxf5 Rf4 42. Rg7+ Kd8 43. Rg8+ Kc7 44. Rg7+ Kd8 45. Rg8+ 1/2-1/2

[Event "7th Sunway Sitges 2020"]
[Site "Sitges ESP"]
[Date "2020.12.21"]
[Round "8.7"]
[White "Maze, Sebastien"]
[Black "Dardha, Daniel"]
[Result "1/2-1/2"]
[WhiteTitle "GM"]
[BlackTitle "IM"]
[WhiteElo "2557"]
[BlackElo "2485"]
[WhiteFideId "613762"]
[BlackFideId "240990"]
[EventDate "2020.12.13"]

1. e4 c5 2. Nf3 Nc6 3. Nc3 Nf6 4. Bb5 g6 5. h3 Bg7 6. e5 Ng8 7. O-O Nh6 8. d4
cxd4 9. Ne4 O-O 10. Re1 a6 11. Bf1 d6 12. exd6 e5 13. c3 Nf5 14. cxd4 Ncxd4 15.
Nxd4 Nxd4 16. Bg5 f6 17. Be3 Kh8 18. Bxd4 exd4 19. Rc1 f5 20. Ng5 Qxg5 21. Rc7
Bf6 22. d7 Bxd7 23. Rxd7 b5 24. Re6 Rad8 25. Rxd8 Rxd8 26. Rxa6 d3 27. Bxd3 Bxb2
28. Qc2 Bd4 29. Bxb5 f4 30. Bc6 Kg7 31. Ra8 Rxa8 32. Bxa8 Qa5 1/2-1/2

[Event "7th Sunway Sitges 2020"]
[Site "Sitges ESP"]
[Date "2020.12.21"]
[Round "8.8"]
[White "Sochacki, Christophe"]
[Black "Plat, Vojtech"]
[Result "1-0"]
[WhiteTitle "IM"]
[BlackTitle "GM"]
[WhiteElo "2469"]
[BlackElo "2552"]
[WhiteFideId "662569"]
[BlackFideId "325740"]
[EventDate "2020.12.13"]

1. e4 e5 2. Nf3 d6 3. d4 exd4 4. Nxd4 Nf6 5. Nc3 Be7 6. Bf4 c6 7. Qd2 b5 8. Bd3
O-O 9. O-O b4 10. Nce2 c5 11. Nf3 d5 12. exd5 Qxd5 13. c4 bxc3 14. Nxc3 Qb7 15.
Rfe1 Rd8 16. Qc2 Nc6 17. Ng5 Rd4 18. Bxh7+ Kf8 19. Be3 Rh4 20. Nce4 Nxh7 21.
Nxh7+ Kg8 22. Nhg5 Nb4 23. Qc4 Be6 24. Nf6+ gxf6 25. Qxh4 fxg5 26. Bxg5 Nd5 27.
Rad1 Rb8 28. Rxd5 Qxd5 29. Bxe7 Rb4 30. Qf6 Rg4 31. g3 Rd4 32. Qg5+ Qxg5 33.
Bxg5 Bxa2 34. Be3 Rb4 35. Bxc5 Rxb2 36. Bxa7 Rb1 37. Rxb1 Bxb1 38. g4 Be4 39. h3
f5 40. Kh2 fxg4 41. hxg4 Kg7 42. Kg3 Kg6 43. f4 Bc2 44. Bb6 Bb1 45. Bd8 Bc2 46.
Kf2 Bd3 47. Ke3 Bc2 48. Kd4 1-0

[Event "7th Sunway Sitges 2020"]
[Site "Sitges ESP"]
[Date "2020.12.21"]
[Round "8.9"]
[White "Flom, Gabriel"]
[Black "Batsiashvili, Nino"]
[Result "1/2-1/2"]
[WhiteTitle "GM"]
[BlackTitle "GM"]
[WhiteElo "2499"]
[BlackElo "2466"]
[WhiteFideId "621650"]
[BlackFideId "13602993"]
[EventDate "2020.12.13"]

1. d4 Nf6 2. c4 e6 3. Nc3 Bb4 4. e3 O-O 5. Bd3 d5 6. cxd5 exd5 7. Ne2 Re8 8. O-O
Bf8 9. f3 c5 10. Kh1 Nc6 11. g4 g6 12. Rg1 Bg7 13. dxc5 Nd7 14. Bc2 Nxc5 15.
Nxd5 Be6 16. Nef4 Rc8 17. a3 a5 18. Rb1 a4 19. Nxe6 Rxe6 20. e4 Nd4 21. Rg2 Rec6
22. Be3 Nxc2 23. Qxc2 Nb3 24. Qd3 Rc4 25. Rd1 b5 26. g5 Nc5 27. Qf1 Kh8 28. Nf6
Qe7 29. Rgd2 Bxf6 30. gxf6 Qxf6 31. Bd4 Rxd4 32. Rxd4 Ne6 33. R4d2 Rc5 34. Qf2
Rh5 35. Rd5 Rh4 36. Rxb5 Rxe4 37. Rb4 Re5 38. Rxa4 Rf5 39. Rf1 h5 40. Rc4 Kh7
41. b4 Ng5 42. f4 Qa6 43. Qc2 Ne6 44. a4 Qa8+ 45. Kg1 Qa7+ 46. Kh1 Qa8+ 47. Kg1 1/2-1/2

[Event "7th Sunway Sitges 2020"]
[Site "Sitges ESP"]
[Date "2020.12.21"]
[Round "8.10"]
[White "Grigoryan, Karen H."]
[Black "Vasquez Schroeder, Rodrigo"]
[Result "1-0"]
[WhiteTitle "GM"]
[BlackTitle "GM"]
[WhiteElo "2651"]
[BlackElo "2459"]
[WhiteFideId "13301004"]
[BlackFideId "3400042"]
[EventDate "2020.12.13"]

1. d4 Nf6 2. c4 e6 3. Nc3 Bb4 4. g3 O-O 5. Bg2 d5 6. Nf3 b6 7. O-O Bb7 8. cxd5
Bxc3 9. bxc3 Bxd5 10. Ba3 Re8 11. Rc1 Nbd7 12. c4 Be4 13. Qb3 c5 14. Rfd1 Qc7
15. d5 exd5 16. cxd5 Qd6 17. Bb2 a6 18. Nh4 Bxg2 19. Kxg2 Rxe2 20. Nf5 Qc7 21.
Kg1 Rae8 22. Ne7+ Kf8 23. d6 Qb7 24. Re1 Qe4 25. Qc3 b5 26. Rxe2 Qxe2 27. Re1
Qh5 28. Qe3 Ra8 29. Bxf6 Nxf6 30. Nc6 Qh3 31. Qe7+ Kg8 32. Nd8 h6 33. Qxf7+ Kh8
34. Ne6 Rg8 35. d7 Ng4 36. Qxg8+ Kxg8 37. d8=Q+ Kh7 38. Qh4 1-0

[Event "7th Sunway Sitges 2020"]
[Site "Sitges ESP"]
[Date "2020.12.21"]
[Round "8.11"]
[White "Vlachos, Anatole"]
[Black "Cornette, Matthieu"]
[Result "0-1"]
[WhiteTitle "IM"]
[BlackTitle "GM"]
[WhiteElo "2413"]
[BlackElo "2558"]
[WhiteFideId "26093189"]
[BlackFideId "620084"]
[EventDate "2020.12.13"]

1. f4 d5 2. Nf3 Nh6 3. e3 g6 4. d4 Bg7 5. c4 dxc4 6. Bxc4 c5 7. d5 O-O 8. O-O
Nf5 9. e4 Nd6 10. Bd3 c4 11. Bc2 Qb6+ 12. Kh1 Bxb2 13. Bxb2 Qxb2 14. Nbd2 b5 15.
Rb1 Qa3 16. Nd4 Qe3 17. Nxb5 Nxb5 18. Rxb5 Ba6 19. Rf3 Qd4 20. Ra5 Rc8 21. Nb1
Qb6 22. Rfa3 Bb7 23. Nc3 a6 24. Qg1 Qc7 25. e5 Nd7 26. Qd4 Nc5 27. Qxc4 Qb6 28.
Qd4 Qb2 29. Qd1 Qb4 30. Qd2 Rc7 31. h3 Rd8 32. d6 exd6 33. exd6 Ne6 34. f5 Rxd6
35. Qe3 Qf4 36. Qxf4 Nxf4 37. Be4 Bxe4 38. Nxe4 Rd1+ 39. Kh2 Rc2 40. Rg3 Re1 41.
Ra4 Nh5 42. Rg4 Rcc1 43. Ng3 Nf6 44. Rgc4 Rxc4 45. Rxc4 g5 46. Rc2 h5 47. Re2
Ra1 48. Ne4 Nxe4 49. Rxe4 Rxa2 50. Rc4 Kg7 51. Rc6 h4 52. Kg1 a5 53. Ra6 a4 54.
Kf1 a3 55. Kg1 Ra1+ 56. Kh2 a2 57. Ra8 Kf6 58. Ra5 Ke7 59. Ra6 Kd7 60. Ra3 Kd6
61. Ra5 Kc6 62. Ra7 Kd5 63. Ra5+ Ke4 64. Ra7 f6 65. Ra5 Kf4 66. Ra6 Kxf5 67. Ra4
Ke5 68. Ra5+ Kd4 69. Ra4+ Ke3 70. Ra3+ Ke2 71. Ra5 f5 72. Re5+ Kd3 73. Ra5 f4
74. Ra8 Ke3 75. Re8+ Kd4 76. Ra8 g4 77. hxg4 h3 78. g5 hxg2 79. Kxg2 f3+ 80.
Kxf3 Rf1+ 81. Kg4 a1=Q 82. Rxa1 Rxa1 83. Kf5 Kd5 0-1

[Event "7th Sunway Sitges 2020"]
[Site "Sitges ESP"]
[Date "2020.12.21"]
[Round "8.12"]
[White "Lopez Martinez, Josep Manuel"]
[Black "Valenzuela Gomez, Fernando"]
[Result "1-0"]
[WhiteTitle "GM"]
[BlackTitle "IM"]
[WhiteElo "2542"]
[BlackElo "2390"]
[WhiteFideId "2212943"]
[BlackFideId "3409392"]
[EventDate "2020.12.13"]

1. d4 Nf6 2. c4 e6 3. Nf3 d5 4. Nc3 a6 5. cxd5 exd5 6. Qb3 h6 7. Bf4 c5 8. dxc5
Bxc5 9. e3 Nc6 10. Rd1 Qe7 11. Be2 Be6 12. Qc2 O-O 13. O-O Rac8 14. Ne5 Nxe5 15.
Bxe5 Rfd8 16. Bf3 Ba7 17. Bd4 Bb8 18. g3 h5 19. Qb3 h4 20. Bxf6 Qxf6 21. Bxd5
hxg3 22. hxg3 Bh3 23. Bg2 Bxg2 24. Kxg2 Qc6+ 25. Nd5 Re8 26. Rd2 b5 27. Qd3 g6
28. e4 Qe6 29. f4 Kg7 30. Re2 Rc4 31. Rfe1 Rh8 32. f5 Qe5 33. Rd1 Kg8 34. Nf4
Rc6 35. fxg6 Kg7 36. gxf7 Rd6 37. Qb3 Rdh6 38. Rd7 Rh2+ 39. Kf3 Qxf4+ 40. gxf4
R8h3+ 41. Kg4 Rh4+ 42. Kf5 Rxf4+ 43. Kg5 1-0

[Event "7th Sunway Sitges 2020"]
[Site "Sitges ESP"]
[Date "2020.12.21"]
[Round "8.13"]
[White "Mendonca, Leon Luke"]
[Black "Lin, Yingrui"]
[Result "1-0"]
[WhiteTitle "IM"]
[WhiteElo "2530"]
[BlackElo "2387"]
[WhiteFideId "35028561"]
[BlackFideId "32094272"]
[EventDate "2020.12.13"]

1. Nf3 Nf6 2. g3 b6 3. Bg2 Bb7 4. O-O g6 5. b3 Bg7 6. Bb2 O-O 7. c4 d6 8. d4 e6
9. Qc2 Be4 10. Qc1 Nbd7 11. Nc3 Bb7 12. Qc2 c5 13. e4 cxd4 14. Nxd4 a6 15. Rad1
Qc7 16. Rfe1 Rfd8 17. Qe2 Nc5 18. h3 Rac8 19. Kh2 Qb8 20. Ba1 Qa8 21. Qe3 Qb8
22. Qe2 Qa8 23. Qe3 Qb8 24. Kg1 Qa8 25. f3 Qb8 26. g4 Re8 27. Qf2 Qa8 28. Nde2
Qb8 29. Ng3 e5 30. f4 Ne6 31. f5 Nf4 32. g5 N6h5 33. Nxh5 Nxh5 34. Qxb6 Nf4 35.
f6 Nxg2 36. fxg7 Nxe1 37. Rxe1 Qc7 38. Qxc7 Rxc7 39. Bb2 Kxg7 40. Rf1 Re6 41.
Nd5 Bxd5 42. exd5 Re8 43. Rf6 Rd7 44. Ba3 Red8 45. Bb4 h6 46. h4 hxg5 47. hxg5
Kf8 48. a3 Ke7 49. c5 dxc5 50. Bxc5+ Ke8 51. d6 Kf8 52. Kf2 Kg7 53. Ke3 Rh8 54.
Ke4 Rh5 55. Be3 Rh3 56. b4 Kf8 57. Rf1 Ke8 58. Bc5 Rg3 59. a4 Rxg5 60. Kd5 Rd8
61. Kc6 Rf5 62. Rxf5 gxf5 63. Bb6 Rd7 64. a5 e4 65. b5 e3 66. Bxe3 Kd8 67. Bb6+
Kc8 68. Bc7 Rxd6+ 69. Bxd6 axb5 70. a6 b4 71. a7 b3 72. a8=R# 1-0

[Event "7th Sunway Sitges 2020"]
[Site "Sitges ESP"]
[Date "2020.12.21"]
[Round "8.14"]
[White "Ayats Llobera, Gerard"]
[Black "Bellahcene, Bilel"]
[Result "1-0"]
[WhiteTitle "IM"]
[BlackTitle "GM"]
[WhiteElo "2400"]
[BlackElo "2510"]
[WhiteFideId "32067607"]
[BlackFideId "696358"]
[EventDate "2020.12.13"]

1. e4 c5 2. Nf3 d6 3. d4 cxd4 4. Nxd4 Nf6 5. Nc3 a6 6. Bg5 Nbd7 7. Bc4 Qa5 8.
Qd2 e6 9. Bb3 Be7 10. O-O-O h6 11. Bh4 Nc5 12. Rhe1 Bd7 13. Kb1 Rb8 14. Nf5 Nxb3
15. axb3 exf5 16. exf5 O-O 17. Rxe7 Qxf5 18. Bxf6 gxf6 19. Qxh6 1-0